00541nam a2200181Ia 450000500170000000800410001702000150005808200130007310000160008624500560010226000460015830000180020465000090022265000120023194200060024395200950024999900150034420240607024750.0240331s9999 xx 000 0 und d a8170131006 bHAYa340 aHayley, F.A 4aThe laws and customs of the sinhalese or kandyanlaw aNew DelhibNimal Singal for NAVRANGc1993 axlvii,112 p., aLaw  aCustoms cL 001040708LaWERCLbWERCLcSSCd2024-03-31l0o 340 HAYp1554r2024-03-31w2024-03-31yL c2802d2802